Statistiques concernant Effectif des vainqueurs de la Ligue des Champions 2000-2009

Cliquez ici pour prendre le quiz!

Statistiques générales

  • Ce quiz a été pris 651 fois
  • Le résultat moyen est 61 sur 139

Statistiques - réponses

JoueurNationalité% Correct
Cristiano Ronaldo Portugal
96%
Lionel MessiArgentine
92%
Samuel Eto'oCameroun
90%
Zinédine ZidaneFrance
89%
Xavi Espagne
88%
Andres Iniesta Espagne
87%
Andres IniestaEspagne
87%
Iker CasillasEspagne
87%
Iker Casillas Espagne
87%
Victor ValdesEspagne
87%
Carles PuyolEspagne
86%
Carles Puyol Espagne
86%
Paolo MaldiniItalie
86%
Edwin Van der SarPays-Bas
83%
Thierry HenryFrance
82%
Ryan Giggs Pays de Galles
81%
Rio FerdinandAngleterre
80%
Gerard Piqué Espagne
79%
Patrice EvraFrance
79%
Nemanja VidicSerbie
78%
DidaBrésil
77%
RonaldinhoBrésil
77%
Steven GerrardAngleterre
75%
Wayne Rooney Angleterre
75%
KakaBrésil
74%
Roberto CarlosBrésil
74%
Sergio BusquetsEspagne
74%
Yaya TouréCôte d'Ivoire
73%
DecoPortugal
72%
Paul ScholesAngleterre
72%
Oliver KahnAllemagne
71%
Alessandro Nesta Italie
70%
Alessandro NestaItalie
70%
Raul Espagne
68%
Andriy ShevchenkoUkraine
67%
Filippo InzaghiItalie
67%
Luis FigoPortugal
67%
Clarence SeedorfPays-Bas
66%
NaniPortugal
66%
Andrea PirloItalie
65%
Gennaro GattusoItalie
65%
Seydou KeitaMali
61%
Jerzy DudekPologne
60%
Carlos TevezArgentine
58%
Xabi Alonso Espagne
57%
Fernando HierroEspagne
56%
Bixente LizarazuFrance
55%
Rafael MarquezMexique
55%
Claude MakeleleFrance
53%
Michael CarrickAngleterre
52%
PedroEspagne
52%
Rui CostaPortugal
49%
Djibril CisséFrance
48%
Henrik LarssonSuède
48%
Ludovic GiulyFrance
46%
Patrik AnderssonSuède
41%
AndersonBrésil
40%
Jorge CostaPortugal
40%
Fernando MorientesEspagne
39%
Fernando Morientes Espagne
39%
Jamie CarragherAngleterre
36%
Nicolas AnelkaFrance
35%
Ricardo CarvalhoPortugal
34%
Willy SagnolFrance
32%
Kakha KaladzeGéorgie
31%
John Arne RiiseNorvège
30%
Milan BarosRépublique Tchèque
28%
Michel SalgadoEspagne
26%
ManichePortugal
25%
Steve McManamanAngleterre
25%
Giovanni Van BronckhorstPays-Bas
23%
Mark Van BommelPays-Bas
23%
Sami HyypiaFinlande
23%
Vladimir SmicerRépublique Tchèque
23%
Harry KewellAustralie
22%
Massimo AmbrosiniItalie
22%
Alessandro CostacurtaItalie
21%
Owen HargreavesAngleterre
21%
Wes BrownAngleterre
21%
Fernando RedondoArgentine
20%
Juliano BellettiBrésil
20%
Marek JankulovskiRépublique Tchèque
20%
Vitor BaiaPortugal
20%
Djimi TraoréMali
19%
Ivan Helguera Espagne
18%
Ivan HelgueraEspagne
18%
SylvinhoBrésil
18%
Giovane ElberBrésil
16%
Luis GarciaEspagne
16%
Alberto GilardinoItalie
14%
CésarEspagne
13%
Paulo FerreiraPortugal
13%
EdmilsonBrésil
12%
Hasan SalihamidžićBosnie-Herzégovine
12%
Samuel KuffourGhana
12%
Stefan EffenbergAllemagne
12%
Steve FinnanIrlande
12%
Benni McCarthyAfrique du Sud
11%
CostinhaPortugal
11%
Massimo OddoItalie
10%
Santiago SolariArgentine
10%
OleguerEspagne
9%
SerginhoBrésil
9%
Carlos AlbertoBrésil
8%
Mehmet SchollAllemagne
8%
Dietar HamannAllemagne
7%
Dmitri AlenichevRussie
7%
SavioBrésil
7%
Manuel SanchisEspagne
6%
Paulo SergioBrésil
6%
DerleiBrésil
5%
Aitor KarankaEspagne
4%
Carsten JanckerAllemagne
4%
Ivan Campo Espagne
4%
Nuno ValentePortugal
4%
Thomas LinkeAllemagne
4%
Flavio ConceiçaoBrésil
3%
Pedro MendesPortugal
3%
Alexander ZicklerAllemagne
2%
Roque JuniorBrésil
2%
Giuseppe FavalliItalie
1%
Pedro EmmanuelPortugal
1%

Distribution des résultats

Percentile par nombre de réponses

% des personnes avec chaque résultat

Votre développement - résultats

Vous n’avez pas pris ce quiz